[Event "Angers op 8th"]
[Site "Angers"]
[Date "2013.05.05"]
[Round "5"]
[White "Primault, Loic"]
[Black "Kvashyna, Tetyana"]
[Result "0-1"]
[WhiteElo "1644"]
[BlackElo "1912"]
[PlyCount "90"]
[EventDate "2013.05.03"]
[EventType "swiss"]
[EventRounds "6"]
[EventCountry "FRA"]
[SourceTitle "CBM 154 Extra"]
[Source "ChessBase"]
[SourceDate "2013.06.25"]
[SourceVersion "2"]
[SourceVersionDate "2013.06.25"]
[SourceQuality "1"]

1. d4 d5 2. c4 e6 3. Nc3 c6 4. e4 dxe4 5. Nxe4 Bb4+ 6. Bd2 Qxd4 7. Bxb4 Qxe4+ 8. Be2 Na6 9. Bc3 Ne7 10. Nf3 0-0 11. 0-0 Nf5 12. Re1 Qf4 13. Be5 Qh6 14. a3 f6 15. Bc3 e5 16. Bd2 Qg6 17. Bd3 Qf7 18. Qc2 g6 19. b4 Be6 20. c5 Nc7 21. Rad1 Bb3 22. Qc1 Bxd1 23. Rxd1 Nd4 24. Nxd4 exd4 25. Bh6 Rfe8 26. Bc4 Nd5 27. Rxd4 Qe7 28. Rd1 Rad8 29. g3 Kh8 30. Qa1 Qe5 31. Qc1 Nc3 32. Rf1 Ne2+ 33. Bxe2 Qxe2 34. Be3 Qf3 35. Qa1 Rd5 36. Bf4 Kg7 37. a4 Re4 38. b5 Red4 39. Qe1 Kf7 40. Bd6 Qe4 41. Qc1 g5 42. bxc6 bxc6 43. h4 Kg6 44. hxg5 fxg5 45. Qb2 Rd1 0-1

[Event "Angers op 8th"]
[Site "Angers"]
[Date "2013.05.04"]
[Round "4"]
[White "Kolendowicz, Udo"]
[Black "Primault, Loic"]
[Result "0-1"]
[WhiteElo "1318"]
[BlackElo "1644"]
[PlyCount "98"]
[EventDate "2013.05.03"]
[EventType "swiss"]
[EventRounds "6"]
[EventCountry "FRA"]
[SourceTitle "CBM 154 Extra"]
[Source "ChessBase"]
[SourceDate "2013.06.25"]
[SourceVersion "2"]
[SourceVersionDate "2013.06.25"]
[SourceQuality "1"]

1. e4 d5 2. e5 c5 3. c3 Bf5 4. d4 a6 5. Bd3 Bxd3 6. Qxd3 e6 7. Na3 cxd4 8. cxd4 Bb4+ 9. Bd2 Bxd2+ 10. Kxd2 Qg5+ 11. Qe3 Qxe3+ 12. fxe3 Ne7 13. Nf3 Nbc6 14. Rhf1 h6 15. Nc2 Na5 16. a3 Rc8 17. Rac1 0-0 18. g4 Nac6 19. g5 hxg5 20. Nxg5 Nf5 21. h4 Nce7 22. h5 Rc7 23. Rg1 Rfc8 24. Rgf1 Rxc2+ 25. Rxc2 Rxc2+ 26. Kxc2 Nxe3+ 27. Kd2 Nxf1+ 28. Ke2 Ng3+ 29. Kf3 Nxh5 30. Kg4 g6 31. a4 Nc6 32. Nf3 Ng7 33. Kg5 Nf5 34. Kf6 Nfxd4 35. Ng5 Nxe5 36. Kxe5 Nb3 37. Kf6 d4 38. Nxf7 d3 39. Nh6+ Kf8 40. Ng4 Nc5 41. Ne3 b5 42. axb5 axb5 43. Ke5 Ke7 44. Nd1 b4 45. Kd4 Kd6 46. Ne3 e5+ 47. Kc4 b3 48. Kc3 Kc6 49. Nc4 e4 0-1

[Event "Angers op 7th"]
[Site "Angers"]
[Date "2012.04.22"]
[Round "5"]
[White "Hereus, Daniel"]
[Black "Primault, Loic"]
[Result "0-1"]
[WhiteElo "1607"]
[BlackElo "1644"]
[PlyCount "66"]
[EventDate "2012.04.20"]
[EventType "swiss"]
[EventRounds "6"]
[EventCountry "FRA"]
[SourceTitle "CBM 148 Extra"]
[Source "ChessBase"]
[SourceDate "2012.06.22"]
[SourceVersion "1"]
[SourceVersionDate "2012.06.22"]
[SourceQuality "1"]

1. e4 d5 2. exd5 Nf6 3. Nf3 Nxd5 4. d4 Bg4 5. c4 Nb6 6. Be3 e6 7. a3 Be7 8. Nc3 Nc6 9. c5 Nd5 10. Nxd5 Qxd5 11. b3 0-0 12. Bc4 Qd8 13. d5 Bxf3 14. gxf3 Ne5 15. f4 Nxc4 16. bxc4 exd5 17. Qg4 Bf6 18. Rd1 c6 19. cxd5 cxd5 20. Bd4 Qa5+ 21. Kf1 Bxd4 22. Rxd4 Rfe8 23. Rb4 Qxa3 24. Rg1 Qa6+ 25. Kg2 Qc6 26. Kh1 g6 27. h4 d4+ 28. f3 d3 29. f5 Re3 30. Rf1 Rae8 31. Rd4 Qxc5 32. h5 Qxf5 33. hxg6 hxg6 0-1

[Event "Angers op 7th"]
[Site "Angers"]
[Date "2012.04.20"]
[Round "1"]
[White "Primel, Dominique"]
[Black "Primault, Loic"]
[Result "1-0"]
[WhiteElo "1990"]
[BlackElo "1644"]
[PlyCount "111"]
[EventDate "2012.04.20"]
[EventType "swiss"]
[EventRounds "6"]
[EventCountry "FRA"]
[SourceTitle "CBM 148 Extra"]
[Source "ChessBase"]
[SourceDate "2012.06.22"]
[SourceVersion "1"]
[SourceVersionDate "2012.06.22"]
[SourceQuality "1"]

1. Nf3 Nf6 2. c4 d5 3. cxd5 Nxd5 4. e4 Nb6 5. d4 Bg4 6. Be2 e6 7. 0-0 Be7 8. Nc3 0-0 9. Be3 Nc6 10. Qd2 Bxf3 11. gxf3 Bh4 12. Kh1 f5 13. Rad1 Rf6 14. Qc1 Qf8 15. e5 Rf7 16. f4 Rd8 17. Bf3 Nd5 18. Nxd5 exd5 19. Qc3 Rfd7 20. a3 Ne7 21. Rc1 c6 22. Bd2 Ng6 23. Qe3 Rc8 24. Rc2 Be7 25. Rfc1 Nh4 26. Be2 Qe8 27. b4 Bd8 28. a4 Qg6 29. Qg3 Qxg3 30. fxg3 Ng6 31. Kg2 Nf8 32. a5 Ne6 33. Be3 Rdc7 34. g4 g6 35. gxf5 gxf5 36. Bd3 Ng7 37. Kf3 Kf7 38. Rg1 Ke6 39. Rcg2 Ne8 40. Rg8 Bh4 41. Bf2 Bxf2 42. Kxf2 b6 43. axb6 axb6 44. Rf8 Ra8 45. Bxf5+ Ke7 46. Rh8 Ra2+ 47. Kf3 Kd8 48. Rgg8 Re7 49. Bxh7 Rxh2 50. Bg6 Rxh8 51. Rxh8 Kd7 52. Bxe8+ Rxe8 53. Rxe8 Kxe8 54. f5 Kf7 55. Ke3 Ke7 56. b5 1-0

[Event "Angers op 5th"]
[Site "Angers"]
[Date "2010.04.25"]
[Round "5"]
[White "Gazagnes, Jacques"]
[Black "Primault, Loic"]
[Result "0-1"]
[WhiteElo "1541"]
[BlackElo "1638"]
[PlyCount "118"]
[EventDate "2010.04.23"]
[EventType "swiss"]
[EventRounds "6"]
[EventCountry "FRA"]
[SourceTitle "EXT 2011"]
[Source "ChessBase"]
[SourceDate "2010.11.26"]
[SourceVersion "1"]
[SourceVersionDate "2010.11.26"]
[SourceQuality "1"]

1. d4 d5 2. Nf3 Nf6 3. Bf4 Bf5 4. e3 e6 5. Bb5+ c6 6. Bd3 Bxd3 7. Qxd3 Nbd7 8. Nbd2 Nh5 9. Bg5 Nhf6 10. Bf4 h6 11. h3 Qb6 12. Rb1 c5 13. c3 cxd4 14. exd4 Be7 15. 0-0 0-0 16. Rfe1 Bd6 17. Bxd6 Qxd6 18. Ne5 Qc7 19. Re3 Nxe5 20. dxe5 Nd7 21. Rbe1 Qa5 22. a3 Rac8 23. Rg3 Qc7 24. Nf3 Nc5 25. Qe3 Kh7 26. Ng5+ hxg5 27. Qxg5 g6 28. Qh4+ Kg8 29. Qh6 Ne4 30. Rg4 Qxe5 31. Rh4 Qg7 32. Qe3 b6 33. Rd1 Nd6 34. Ra4 Nc4 35. Qc1 Rc7 36. Rd4 Rfc8 37. Qc2 Na5 38. Qd1 Nc4 39. Qc2 b5 40. Ra6 Nb6 41. Qd3 Nc4 42. Qc2 Nxa3 43. Rxa3 Qxd4 44. Qe2 Qg7 45. Qxb5 Qe5 46. Ra4 Qe1+ 47. Qf1 Qxf1+ 48. Kxf1 Rb7 49. Ra2 Rc6 50. Ke2 Kf8 51. Kd3 Ke7 52. Kc2 f5 53. f4 Kf6 54. Ra1 g5 55. g3 Rbc7 56. Re1 gxf4 57. gxf4 Rc4 58. Rf1 Rh7 59. Rf3 Rh4 0-1

[Event "Angers op 5th"]
[Site "Angers"]
[Date "2010.04.24"]
[Round "3"]
[White "Hori, Shinya"]
[Black "Primault, Loic"]
[Result "1-0"]
[WhiteElo "1870"]
[BlackElo "1638"]
[PlyCount "77"]
[EventDate "2010.04.23"]
[EventType "swiss"]
[EventRounds "6"]
[EventCountry "FRA"]
[SourceTitle "EXT 2011"]
[Source "ChessBase"]
[SourceDate "2010.11.26"]
[SourceVersion "1"]
[SourceVersionDate "2010.11.26"]
[SourceQuality "1"]

1. d4 d5 2. c4 c6 3. Nf3 Nf6 4. Nc3 dxc4 5. a4 Bf5 6. Ne5 e6 7. f3 Bb4 8. e4 Bg6 9. Bxc4 Nbd7 10. Nxg6 hxg6 11. 0-0 Qc7 12. g3 Qa5 13. Qc2 Qh5 14. e5 Nd5 15. Nxd5 cxd5 16. Bb5 a6 17. Bd3 Nb6 18. a5 Rc8 19. Qe2 Nc4 20. Ra4 Bxa5 21. Bxc4 Bb6 22. Bd3 Ba7 23. Be3 Ke7 24. Raa1 Bb8 25. Rac1 Rcd8 26. Rc2 f6 27. Re1 fxe5 28. dxe5 Kf7 29. Bb6 Rd7 30. Qe3 g5 31. f4 g4 32. f5 Ke7 33. f6+ Kf7 34. fxg7 Kxg7 35. Rf2 Rh6 36. Bd4 Bc7 37. Ref1 Bd8 38. Qf4 Rh8 39. Be2 1-0

[Event "Angers op 5th"]
[Site "Angers"]
[Date "2010.04.23"]
[Round "2"]
[White "Primault, Loic"]
[Black "Davy, Bruno"]
[Result "0-1"]
[WhiteElo "1638"]
[BlackElo "1954"]
[PlyCount "72"]
[EventDate "2010.04.23"]
[EventType "swiss"]
[EventRounds "6"]
[EventCountry "FRA"]
[SourceTitle "EXT 2011"]
[Source "ChessBase"]
[SourceDate "2010.11.26"]
[SourceVersion "1"]
[SourceVersionDate "2010.11.26"]
[SourceQuality "1"]

1. d4 d5 2. c4 Nc6 3. cxd5 Qxd5 4. Nf3 e5 5. e3 Bg4 6. Be2 exd4 7. exd4 0-0-0 8. Be3 Bb4+ 9. Nc3 Nf6 10. 0-0 Bxc3 11. bxc3 Na5 12. Qa4 Ne4 13. Rac1 Bd7 14. Qc2 f5 15. c4 Qf7 16. d5 c5 17. Ne5 Qe7 18. Nd3 b6 19. Nf4 g5 20. Nd3 f4 21. Bd2 Nxc4 22. Bc3 Nxc3 23. Qxc3 Qxe2 24. Qxc4 Bf5 25. Qa6+ Kb8 26. Rb1 Bxd3 27. Rxb6+ axb6 28. Qxb6+ Ka8 29. Qc6+ Ka7 30. Qxc5+ Ka6 31. Qc6+ Ka5 32. Qc5+ Ka4 33. Qa7+ Ba6 34. Qd4+ Qc4 35. Qd1+ Ka5 36. Qd2+ Qb4 0-1

[Event "Fouesnant op 15th"]
[Site "Fouesnant"]
[Date "2009.10.25"]
[Round "3"]
[White "Primault, Loic"]
[Black "Godefroy, Philippe"]
[Result "1/2-1/2"]
[WhiteElo "1607"]
[BlackElo "1859"]
[PlyCount "106"]
[EventDate "2009.10.26"]
[EventType "swiss"]
[EventRounds "9"]
[EventCountry "FRA"]
[SourceTitle "EXT 2010"]
[Source "ChessBase"]
[SourceDate "2010.11.25"]
[SourceVersion "1"]
[SourceVersionDate "2010.11.25"]
[SourceQuality "1"]

1. d4 Nf6 2. c4 g6 3. Nc3 d6 4. e4 Bg7 5. Be2 0-0 6. Bg5 c6 7. h3 Nbd7 8. Nf3 Qc7 9. Qd2 a6 10. 0-0 b5 11. a3 e5 12. Bh6 exd4 13. Nxd4 c5 14. Bxg7 Kxg7 15. Nf3 b4 16. axb4 cxb4 17. Nd5 Nxd5 18. exd5 a5 19. Nd4 Nc5 20. Qf4 Bd7 21. b3 Rfe8 22. Ra2 a4 23. bxa4 Rxa4 24. Qd2 Rxa2 25. Qxa2 Qb6 26. Qb2 f6 27. Rb1 Rb8 28. g4 h6 29. Kg2 Na4 30. Qd2 Nc3 31. Rb2 Re8 32. Nb3 Ba4 33. Nd4 Bd7 34. Nb3 Ne4 35. Qd4 Qxd4 36. Nxd4 Nc5 37. Rb1 Re4 38. Rd1 b3 39. f3 Re3 40. Kf2 Rc3 41. Rb1 Kf7 42. Ke1 Re3 43. Kd2 Re8 44. Bd1 f5 45. Bxb3 f4 46. Re1 Rb8 47. Bc2 Kf6 48. h4 Ra8 49. Rb1 g5 50. hxg5+ hxg5 51. Rb6 Ke5 52. Nc6+ Kf6 53. Nd4 Ke5 1/2-1/2

[Event "Bagnoles de l'Orne"]
[Site "Bagnoles de l'Orne"]
[Date "2009.06.01"]
[Round "6"]
[White "Gerard, Andre"]
[Black "Primault, Loic"]
[Result "0-1"]
[WhiteElo "1770"]
[BlackElo "1550"]
[PlyCount "74"]
[EventDate "2009.05.30"]
[EventType "swiss"]
[EventRounds "6"]
[EventCountry "FRA"]
[SourceTitle "CBM 130 Extra"]
[Source "ChessBase"]
[SourceDate "2009.07.02"]
[SourceVersion "2"]
[SourceVersionDate "2009.07.15"]
[SourceQuality "1"]

1. d4 d5 2. Nf3 Nf6 3. Bf4 Bf5 4. e3 e6 5. Bd3 Bxd3 6. Qxd3 a6 7. 0-0 Nbd7 8. c4 c5 9. cxd5 Nxd5 10. Bg3 Be7 11. a3 Rc8 12. Nc3 c4 13. Qe2 b5 14. Nxd5 exd5 15. Rfc1 0-0 16. Qc2 h6 17. Nd2 Nb6 18. Nb1 Bg5 19. Nc3 f5 20. f4 Bh4 21. Bf2 Bxf2+ 22. Qxf2 Qd6 23. Qf3 Qd7 24. Rc2 Ra8 25. g3 g6 26. Rg2 Kh7 27. g4 fxg4 28. Rxg4 Rae8 29. Rf1 Rxe3 30. Qxe3 Qxg4+ 31. Kh1 Qd7 32. Qe5 Re8 33. Qf6 Qe6 34. Qh4 Na4 35. f5 gxf5 36. Nxa4 bxa4 37. Qf2 Qe4+ 0-1

[Event "Bagnoles de l'Orne"]
[Site "Bagnoles de l'Orne"]
[Date "2009.06.01"]
[Round "5"]
[White "Primault, Loic"]
[Black "Groshenny, Claude"]
[Result "1/2-1/2"]
[WhiteElo "1550"]
[BlackElo "1910"]
[PlyCount "82"]
[EventDate "2009.05.30"]
[EventType "swiss"]
[EventRounds "6"]
[EventCountry "FRA"]
[SourceTitle "CBM 130 Extra"]
[Source "ChessBase"]
[SourceDate "2009.07.02"]
[SourceVersion "2"]
[SourceVersionDate "2009.07.15"]
[SourceQuality "1"]

1. d4 Nf6 2. c4 g6 3. Nc3 Bg7 4. e4 d6 5. Be2 0-0 6. Bg5 h6 7. Be3 c6 8. h3 e5 9. dxe5 dxe5 10. Qxd8 Rxd8 11. Nf3 Nh7 12. 0-0 Be6 13. Rad1 Na6 14. Rxd8+ Rxd8 15. Bxa7 f5 16. Bb6 Rd7 17. exf5 gxf5 18. Nh2 Rd2 19. Rd1 Rxb2 20. Be3 Kf7 21. Rb1 Rxb1+ 22. Nxb1 Nf6 23. f4 e4 24. a3 Nd7 25. g4 Nac5 26. gxf5 Bxf5 27. Bg4 Ke6 28. Kf1 Nd3 29. Nd2 N7c5 30. Ke2 Nc1+ 31. Kf2 N1b3 32. Nhf1 Bb2 33. Nxb3 Nxb3 34. a4 h5 35. Bxf5+ Kxf5 36. Ng3+ Kg6 37. Nxe4 h4 38. Nd6 Na5 39. Bb6 Ba3 40. Bxa5 Bxd6 41. Kf3 Kf5 1/2-1/2

[Event "Angers op 4th"]
[Site "Angers"]
[Date "2009.04.18"]
[Round "4"]
[White "Primault, Loic"]
[Black "Follereau, Xavier"]
[Result "0-1"]
[WhiteElo "1550"]
[BlackElo "1860"]
[PlyCount "54"]
[EventDate "2009.04.17"]
[EventType "swiss"]
[EventRounds "6"]
[EventCountry "FRA"]
[SourceTitle "CBM 129 Extra"]
[Source "ChessBase"]
[SourceDate "2009.05.05"]
[SourceVersion "2"]
[SourceVersionDate "2009.05.20"]
[SourceQuality "1"]

1. d4 Nf6 2. c4 g6 3. Nc3 Bg7 4. e4 d6 5. Be2 0-0 6. Bg5 h6 7. Be3 e5 8. d5 a5 9. Qd2 Kh7 10. b3 Na6 11. g4 Ng8 12. h4 Ne7 13. f4 exf4 14. Bxf4 Nc5 15. Qc2 Kh8 16. Qd2 Ng8 17. 0-0-0 Qe7 18. Bf3 Re8 19. Re1 Nd7 20. Nh3 Ne5 21. Bxe5 Bxe5 22. Ne2 Kg7 23. g5 h5 24. Nhf4 f6 25. Nd3 fxg5 26. hxg5 Rf8 27. Nxe5 Qxe5 0-1

[Event "Rennes op 1st"]
[Site "Rennes"]
[Date "2008.07.28"]
[Round "1"]
[White "Martin, Yvon"]
[Black "Primault, Loic"]
[Result "1-0"]
[WhiteElo "1786"]
[BlackElo "1571"]
[PlyCount "125"]
[EventDate "2008.07.28"]
[EventType "swiss"]
[EventRounds "9"]
[EventCountry "FRA"]
[SourceTitle "EXT 2009"]
[Source "ChessBase"]
[SourceDate "2008.11.26"]
[SourceVersion "1"]
[SourceVersionDate "2008.11.26"]
[SourceQuality "1"]

1. f4 d5 2. Nf3 Nf6 3. e3 e6 4. b3 Be7 5. Bb2 Nc6 6. a3 h6 7. Bd3 0-0 8. Nc3 a6 9. a4 Nb4 10. 0-0 Nxd3 11. cxd3 Nd7 12. d4 c5 13. Rc1 b6 14. Ne5 Bb7 15. Nxd7 Qxd7 16. dxc5 Bxc5 17. Qg4 f5 18. Qh3 Rf6 19. d4 Bb4 20. Nb1 b5 21. Bc3 Qe7 22. axb5 axb5 23. Rf2 Rff8 24. Qg3 Rfc8 25. Rfc2 Bxc3 26. Rxc3 Rxc3 27. Rxc3 Ra1 28. Qe1 b4 29. Rc1 Ba6 30. Nd2 Rxc1 31. Qxc1 Kh7 32. Nf3 Bd3 33. Ne5 Be4 34. g3 Qa7 35. Qb2 Qc7 36. Kf2 Qc2+ 37. Qxc2 Bxc2 38. Nc6 Bxb3 39. Nxb4 Kg6 40. Na6 Kf6 41. Nc5 Bc4 42. h4 Ke7 43. Ke1 g6 44. Kd2 Ba2 45. Kc3 Bc4 46. Kb4 Ba2 47. Kb5 Bc4+ 48. Kc6 Ba2 49. Kc7 Bc4 50. Nd7 Bb5 51. Ne5 Be8 52. Kc8 h5 53. Kc7 Bf7 54. Nc6+ Kf6 55. Kd8 Bg8 56. Ke8 Kg7 57. Ke7 g5 58. hxg5 Kg6 59. Kf8 h4 60. gxh4 Bh7 61. Ne7+ Kh5 62. Kg7 Kxh4 63. Kxh7 1-0

[Event "Hennebont Grand Prix"]
[Site "Hennebont"]
[Date "2006.08.06"]
[Round "4"]
[White "Primault, Loic"]
[Black "Havelka, Georges"]
[Result "0-1"]
[WhiteElo "1499"]
[BlackElo "1860"]
[PlyCount "52"]
[EventDate "2006.08.05"]
[EventType "swiss"]
[EventRounds "7"]
[EventCountry "FRA"]
[SourceTitle "EXT 2007"]
[Source "ChessBase"]
[SourceDate "2006.11.23"]
[SourceVersion "1"]
[SourceVersionDate "2006.11.23"]
[SourceQuality "1"]

1. d4 d5 2. Nf3 Nc6 3. c4 e5 4. e3 Bg4 5. Bd3 e4 6. Be2 exf3 7. Bxf3 Bxf3 8. Qxf3 Nf6 9. Nd2 Bb4 10. b3 0-0 11. 0-0 Bxd2 12. Bxd2 Ne4 13. Qe2 Nxd2 14. Qxd2 Re8 15. Rae1 Qd6 16. f4 Re4 17. c5 Qf8 18. Rf3 f5 19. Qf2 Rae8 20. h4 Nxd4 21. Rh3 Qxc5 22. h5 Qc2 23. Qxc2 Nxc2 24. Rc1 Nxe3 25. Rxc7 Ng4 26. g3 Re1+ 0-1

[Event "Hennebont Grand Prix"]
[Site "Hennebont"]
[Date "2006.08.06"]
[Round "7"]
[White "Primault, Loic"]
[Black "Templier, Benoit"]
[Result "0-1"]
[WhiteElo "1499"]
[BlackElo "1606"]
[PlyCount "62"]
[EventDate "2006.08.05"]
[EventType "swiss"]
[EventRounds "7"]
[EventCountry "FRA"]
[SourceTitle "EXT 2007"]
[Source "ChessBase"]
[SourceDate "2006.11.23"]
[SourceVersion "1"]
[SourceVersionDate "2006.11.23"]
[SourceQuality "1"]

1. d4 e6 2. Nf3 Nf6 3. Nc3 Bb4 4. Bd2 d5 5. a3 Be7 6. e3 0-0 7. Bd3 b6 8. 0-0 Bb7 9. Re1 Ne4 10. Ne2 Nd7 11. c4 Nxd2 12. Qxd2 dxc4 13. Bxc4 Bxf3 14. gxf3 Bd6 15. f4 Nf6 16. Ng3 Ng4 17. f3 Nh6 18. Bd3 Be7 19. Kh1 c5 20. Rg1 Kh8 21. Rg2 cxd4 22. Be4 dxe3 23. Qxe3 Bc5 24. Qc3 Rc8 25. Nh5 Bd4 26. Qe1 Qe7 27. Rd1 Rfd8 28. f5 exf5 29. Qg3 Be5 30. Qe1 Rxd1 31. Qxd1 fxe4 0-1

[Event "Hennebont Grand Prix"]
[Site "Hennebont"]
[Date "2006.08.05"]
[Round "2"]
[White "Primault, Loic"]
[Black "Robic, Laurent"]
[Result "1-0"]
[WhiteElo "1499"]
[BlackElo "1530"]
[PlyCount "69"]
[EventDate "2006.08.05"]
[EventType "swiss"]
[EventRounds "7"]
[EventCountry "FRA"]
[SourceTitle "EXT 2007"]
[Source "ChessBase"]
[SourceDate "2006.11.23"]
[SourceVersion "1"]
[SourceVersionDate "2006.11.23"]
[SourceQuality "1"]

1. d4 d5 2. Nf3 Nf6 3. c4 c6 4. Nc3 e6 5. e3 c5 6. Bd3 cxd4 7. exd4 Bb4 8. Bd2 Nc6 9. 0-0 0-0 10. Qc2 Qd6 11. a3 Ba5 12. c5 Qe7 13. b4 Bc7 14. Rfe1 e5 15. Bg5 g6 16. Nxd5 Qe6 17. Nxc7 Qg4 18. Bxf6 Nxd4 19. Nxd4 exd4 20. Nd5 h5 21. Be7 Kg7 22. Bxf8+ Kxf8 23. Nf6 Qh4 24. Re8+ Kg7 25. Nd5 b6 26. Ne7 Bb7 27. Rxa8 Bxa8 28. Nxg6 Qg5 29. g3 fxg6 30. cxb6 Qd5 31. Qc7+ Kh6 32. Qf4+ Kh7 33. f3 Qb3 34. Re1 Bd5 35. Re7+ 1-0